00294nam a2200121Ia 4500003000400000005001700004008004100021020001500062040002000077100002300097245003000120260002200150OSt20240109112858.0170524s9999 xx 000 0 und d a8123003145 cIIMT UNIVERSITY aBHARTI- JAIPRAKASH 0aGRAMEEN JIVAN KE VIGYAPAN bPRAKASHAN- VIBHAG